Literacy and development : ethnographic perspectives
Αποθηκεύτηκε σε:
| Άλλοι συγγραφείς: | |
|---|---|
| Μορφή: | Βιβλίο |
| Γλώσσα: | Greek |
| Δημοσίευση: |
London, New York :
Routledge,
c2001
|
| Σειρά: | Literacies
|
| Θέματα: | |
| Ετικέτες: |
Προσθήκη ετικέτας
Δεν υπάρχουν, Καταχωρήστε ετικέτα πρώτοι!
|
MARC
| LEADER | 00000nam a2200000 i 4500 | ||
|---|---|---|---|
| 001 | 1/38175 | ||
| 008 | 131112s2001 gre d | ||
| 020 | |a 0-415-23451-4 (pbk) | ||
| 035 | |l 10115969 | ||
| 040 | |a GR-MY-UA |b gre |e aacr | ||
| 041 | 0 | |a gre | |
| 082 | 0 | |a 302.2244 |2 (22) | |
| 245 | 1 | 0 | |a Literacy and development : |b ethnographic perspectives / |c edited by Brian V. Street |
| 260 | |a London, New York : |b Routledge, |c c2001 | ||
| 300 | |a 228 σ.; |c 23 εκ. | ||
| 490 | 1 | |a Literacies | |
| 504 | |a Περιλαμβάνει βιβλιογραφικές παραπομπές και ευρετήριο | ||
| 650 | 0 | 0 | |a Literacy |z Developing countries |x Case studies. |
| 650 | 0 | 0 | |a Ethnology |z Developing countries. |
| 700 | 1 | |a Street, Brian V. |4 edt | |
| 830 | 0 | |a Literacies | |
| 852 | |a INST |b RHODES |e 20131112 |h 302.2244 LIT |p 005400035773 |q 005400035773 |t BK |y 0 | ||
| 901 | |a BIBL4-2013-3 | ||
| 909 | |a Ρ |b 181687 | ||
| 922 | |a 4ΕΛΗ |b 201307 |c ΤΑΚ/ΠΤΔΕ |d ΔΙΑΔΡΟΜΕΣ | ||
| 970 | |z 2013/11/12 | ||